University Home | Library Home | Institutional Repository

Formulating industrial development programmes with special reference to Asia and the Far East : (Record no. 100786)

MARC details
000 -LEADER
fixed length control field 00861cam7a220022900 4500
001 - CONTROL NUMBER
control field qce01232428
005 - DATE AND TIME OF LATEST TRANSACTION
control field 20190819100331.0
008 - FIXED-LENGTH DATA ELEMENTS--GENERAL INFORMATION
fixed length control field 761213s1961 th a i000 0 engxu
035 ## - SYSTEM CONTROL NUMBER
System control number (Sirsi) r91323
035 ## - SYSTEM CONTROL NUMBER
System control number (QCAT)lss01440233
035 ## - SYSTEM CONTROL NUMBER
System control number (UPRA)qce01232428
040 ## - CATALOGING SOURCE
Modifying agency UPRA
110 2# - MAIN ENTRY--CORPORATE NAME
Subordinate unit Economic Commission for Asia and the Far East.
-- Group of Experts on Programming Techniques.
Linkage A50525.1
245 10 - TITLE STATEMENT
Title Formulating industrial development programmes with special reference to Asia and the Far East :
Remainder of title report.
260 ## - PUBLICATION, DISTRIBUTION, ETC.
Place of publication, distribution, etc. Bangkok,
Date of publication, distribution, etc. 1961.
500 ## - GENERAL NOTE
General note [United Nations. Document] E/CN.11/567.
500 ## - GENERAL NOTE
General note "United Nations publication. Sales no.: 61.II.F.7."
650 #0 - SUBJECT ADDED ENTRY--TOPICAL TERM
Topical term or geographic name entry element Industries -- Asia.
Geographic subdivision Industries -- Asia.
Linkage S37033.1
650 #0 - SUBJECT ADDED ENTRY--TOPICAL TERM
Topical term or geographic name entry element Industrialization.
Linkage S24598.1
949 ## - LOCAL PROCESSING INFORMATION (OCLC)
a MICROCARD
w lcc
m MAIN
t BOOK
l ON-SHELF

No items available.

© 2026 - The University of Zambia Library - Koha v25.11